[Event "OLNO 2122 SC Kreuzberg - SV Glückauf R"]
[Site "?"]
[Date "2021.11.21"]
[Round "2.2"]
[White "Glienke, Manfred"]
[Black "Klimkowski, Jan"]
[Result "0-1"]
[WhiteElo "2226"]
[BlackElo "2333"]
[PlyCount "99"]
[EventDate "2021.??.??"]

1. d4 Nf6 2. Nf3 e6 3. c4 d5 4. Nc3 dxc4 5. e3 a6 6. a4 b6 7. Bxc4 Bb7 8. O-O
Bb4 9. Qe2 O-O 10. Rd1 Qe7 11. Ne5 Nbd7 12. Nxd7 Qxd7 13. f3 Qe7 14. e4 e5 15.
d5 Nd7 16. Be3 Kh8 17. Rac1 Bd6 18. Kh1 g6 19. g4 Nc5 20. Rg1 Bc8 21. Rg2 Rg8
22. Rcg1 Nd7 23. b3 g5 24. Qd2 Nf8 25. Ne2 f6 26. Ng3 Ng6 27. Nh5 Bb7 28. Rb1
a5 29. Rgg1 Raf8 30. Rgf1 Bc8 31. Qe2 Nf4 32. Nxf4 gxf4 33. Bf2 h5 34. h3 hxg4
35. hxg4 f5 36. exf5 Bxf5 37. Kg2 Bxb1 38. Rxb1 Rxg4+ 39. Kf1 Rg6 40. Qe4 Rh6
41. Ke2 Qh7 42. Qxh7+ Rxh7 43. Rf1 Re8 44. Kd3 e4+ 45. fxe4 Rh3+ 46. Kc2 Rxe4
47. Bd3 Re7 48. Bd4+ Kg8 49. Bf5 Re2+ 50. Kd1 0-1

[Event "OLNO 2122 SC Kreuzberg - SV Glückauf R"]
[Site "?"]
[Date "2021.11.21"]
[Round "2.3"]
[White "Sieciechowicz, Marcin"]
[Black "Lehmann, Klaus"]
[Result "1-0"]
[WhiteElo "2388"]
[BlackElo "2221"]
[PlyCount "73"]
[EventDate "2021.??.??"]

1. d4 Nf6 2. c4 e6 3. Nc3 Bb4 4. Qc2 O-O 5. Nf3 c5 6. dxc5 Na6 7. g3 Nxc5 8.
Bg2 Nce4 9. O-O Nxc3 10. bxc3 Bc5 11. Nd4 d6 12. Nb3 Qe7 13. Nxc5 dxc5 14. a4
Rd8 15. a5 Rb8 16. Rd1 Rxd1+ 17. Qxd1 h6 18. Be3 e5 19. Qd3 Be6 20. Rd1 Rc8 21.
h3 Qc7 22. Rb1 Rd8 23. Rxb7 Qxa5 24. Rxa7 Rxd3 25. Rxa5 Rxc3 26. Rxc5 Bxc4 27.
Rxe5 Ra3 28. Bd4 Ra2 29. e3 Kh7 30. Rc5 Be6 31. g4 Nd7 32. Be4+ g6 33. Rc8 f6
34. Rc7 Kg7 35. f4 Kf7 36. f5 gxf5 37. gxf5 1-0

[Event "OLNO 2122 SC Kreuzberg - SV Glückauf R"]
[Site "?"]
[Date "2021.11.21"]
[Round "2.4"]
[White "Dathe, Frederick"]
[Black "Szadkowski, Kamil"]
[Result "1/2-1/2"]
[WhiteElo "2011"]
[BlackElo "2338"]
[PlyCount "58"]
[EventDate "2021.??.??"]

1. Nf3 Nf6 2. c4 c5 3. g3 d5 4. Bg2 Nc6 5. cxd5 Nxd5 6. d4 e6 7. O-O Be7 8. Nc3
Nxc3 9. bxc3 O-O 10. Rb1 Qa5 11. Qc2 h6 12. Rd1 Rd8 13. e4 cxd4 14. cxd4 Bd7
15. Bd2 Bb4 16. Bxb4 Nxb4 17. Qd2 Ba4 18. Rdc1 Nc6 19. Qe3 b6 20. h4 Rac8 21.
Bh3 Rb8 22. Rb2 Qa6 23. Rd2 Na5 24. Bf1 Bb5 25. Bxb5 Qxb5 26. Rdc2 Qe8 27. Qf4
Rbc8 28. Rxc8 Rxc8 29. Rxc8 Qxc8 1/2-1/2

[Event "OLNO 2122 SC Kreuzberg - SV Glückauf R"]
[Site "?"]
[Date "2021.11.21"]
[Round "2.5"]
[White "Janaszak, Dawid"]
[Black "Sprotte, Norbert"]
[Result "1-0"]
[WhiteElo "2328"]
[BlackElo "2161"]
[PlyCount "65"]
[EventDate "2021.??.??"]

1. e4 e6 2. d4 d5 3. Bd3 c5 4. exd5 exd5 5. c3 cxd4 6. cxd4 Nc6 7. Nf3 Bd6 8.
O-O Nge7 9. Nc3 Bg4 10. Re1 h6 11. h3 Be6 12. Be3 O-O 13. Nh4 Qd7 14. Qh5 f5
15. f4 Bf7 16. Qe2 Rae8 17. Qd2 Bh5 18. Kh1 Bc7 19. Rg1 a6 20. Raf1 Bb6 21. Qf2
Qe6 22. Re1 Rd8 23. Na4 Ba7 24. Nc5 Bxc5 25. dxc5 d4 26. Bd2 Qd7 27. g4 Bf7 28.
gxf5 Qc7 29. Qg3 Bd5+ 30. Kh2 Rf7 31. f6 Nc8 32. Qxg7+ Rxg7 33. Rxg7+ 1-0

[Event "OLNO 2122 SC Kreuzberg - SV Glückauf R"]
[Site "?"]
[Date "2021.11.21"]
[Round "2.6"]
[White "Schnitzer, Peter"]
[Black "Dudzinski, Piotr"]
[Result "0-1"]
[WhiteElo "2119"]
[BlackElo "2317"]
[PlyCount "97"]
[EventDate "2021.??.??"]

1. e4 e6 2. d4 d5 3. Nc3 dxe4 4. Nxe4 Bd7 5. Nf3 Bc6 6. Bd3 Nd7 7. O-O Ngf6 8.
Nxf6+ Nxf6 9. c3 Bxf3 10. Qxf3 Qd5 11. Qxd5 Nxd5 12. Re1 O-O-O 13. Bg5 Rd7 14.
Rad1 h6 15. Bc1 Be7 16. g3 g6 17. Kg2 a6 18. a4 h5 19. h4 Rhd8 20. Bc2 a5 21.
Kf1 Bf6 22. Ke2 b6 23. Bb3 Kb7 24. Bc2 c5 25. Be4 Kc7 26. dxc5 bxc5 27. c4 Nb4
28. Rxd7+ Rxd7 29. Rd1 Bd4 30. b3 f5 31. Bg2 Kb6 32. Bd2 Na2 33. Rf1 e5 34. Bd5
e4 35. Rh1 Bc3 36. Rd1 Bd4 37. Rf1 Re7 38. Rh1 Nc3+ 39. Bxc3 Bxc3 40. Rd1 Bb4
41. Rf1 Kc7 42. Kd1 Kd6 43. f4 exf3 44. Rxf3 Ke5 45. Ke2 Kf6+ 46. Kf1 Re8 47.
Bc6 Rb8 48. Bd5 Rb6 49. Kg2 0-1

[Event "OLNO 2122 SG Güstrow-Teterow - Greifsw"]
[Site "?"]
[Date "2021.11.21"]
[Round "2.1"]
[White "Weber, Max"]
[Black "Luther, Alexander"]
[Result "1-0"]
[WhiteElo "2231"]
[BlackElo "2075"]
[PlyCount "61"]
[EventDate "2021.??.??"]

1. d4 d5 2. c4 e6 3. Nf3 Nf6 4. g3 Be7 5. Bg2 O-O 6. O-O dxc4 7. Qc2 a6 8. a4
Bd7 9. Rd1 Bc6 10. Nc3 a5 11. e4 Na6 12. Ne5 Nb4 13. Qe2 Nd3 14. Nxd3 cxd3 15.
Rxd3 Bb4 16. Bg5 h6 17. Bxf6 Qxf6 18. e5 Qe7 19. Bxc6 bxc6 20. Ne4 Rfd8 21. Rc1
Ra6 22. Rc4 Rb6 23. b3 Rd5 24. Qg4 Kh8 25. Rf3 c5 26. dxc5 Rb8 27. Qh5 Kg8 28.
Nf6+ gxf6 29. Qxh6 f5 30. Rh4 Qxh4 31. gxh4 1-0

[Event "OLNO 2122 SG Güstrow-Teterow - Greifsw"]
[Site "?"]
[Date "2021.11.21"]
[Round "2.2"]
[White "Fidorra, Thomas"]
[Black "Skibbe, Willi"]
[Result "1-0"]
[WhiteElo "2073"]
[BlackElo "2206"]
[PlyCount "95"]
[EventDate "2021.??.??"]

1. e4 c5 2. Nf3 Nc6 3. Bb5 g6 4. Bxc6 dxc6 5. O-O Bg7 6. d3 Nf6 7. Nbd2 Nd7 8.
Qe2 e5 9. a4 Nf8 10. Nc4 Qc7 11. a5 Ne6 12. c3 h6 13. Be3 O-O 14. Rfd1 Rd8 15.
g3 Rb8 16. b4 b6 17. axb6 axb6 18. bxc5 bxc5 19. Ra5 Rb5 20. Rda1 f5 21. Ra7
Bb7 22. exf5 gxf5 23. Qa2 Re8 24. Rb1 Kh8 25. Na5 Nd8 26. Rxb5 cxb5 27. Nxb7
Nxb7 28. Qa6 Re7 29. Bxh6 b4 30. Ng5 bxc3 31. Qg6 Bxh6 32. Qxh6+ Kg8 33. Qg6+
Kh8 34. Qh6+ Kg8 35. Ra8+ Nd8 36. Ne6 c2 37. Qg6+ Kh8 38. Qh6+ Kg8 39. Qg6+ Kh8
40. Qh6+ Kg8 41. Rxd8+ Qxd8 42. Nxd8 f4 43. Qg6+ Kh8 44. Qf6+ Kg8 45. Qxe7
c1=Q+ 46. Kg2 f3+ 47. Kxf3 Qd1+ 48. Kg2 1-0

[Event "OLNO 2122 SG Güstrow-Teterow - Greifsw"]
[Site "?"]
[Date "2021.11.21"]
[Round "2.3"]
[White "Stubbe, Wilko"]
[Black "Seiler, Dirk"]
[Result "1/2-1/2"]
[WhiteElo "2226"]
[BlackElo "2122"]
[PlyCount "57"]
[EventDate "2021.??.??"]

1. e4 e6 2. d4 d5 3. Nc3 Nf6 4. Bg5 dxe4 5. Bxf6 gxf6 6. Nxe4 f5 7. Nc3 Bg7 8.
Nf3 c5 9. Bb5+ Bd7 10. Bxd7+ Qxd7 11. d5 O-O 12. O-O Rd8 13. dxe6 fxe6 14. Qxd7
Nxd7 15. Rfe1 Bxc3 16. bxc3 Nf8 17. Rad1 Kf7 18. Rb1 b6 19. a4 Kf6 20. a5 Rd6
21. Kf1 Ng6 22. Red1 Rad8 23. Rxd6 Rxd6 24. Ke1 Nf4 25. axb6 axb6 26. g3 Nd5
27. Rb3 b5 28. Kf1 Nc7 29. Ra3 1/2-1/2

[Event "OLNO 2122 SG Güstrow-Teterow - Greifsw"]
[Site "?"]
[Date "2021.11.21"]
[Round "2.4"]
[White "Gebert-Vangeel, Ralf"]
[Black "Leisner, Hannes"]
[Result "0-1"]
[WhiteElo "2058"]
[BlackElo "2235"]
[PlyCount "77"]
[EventDate "2021.??.??"]

1. e4 c5 2. Nf3 e6 3. d4 cxd4 4. Nxd4 a6 5. Bd3 Nf6 6. O-O Qc7 7. Be3 d6 8. c4
Nbd7 9. Nc3 b6 10. Rc1 Bb7 11. Re1 Be7 12. f4 Nc5 13. Bf2 g6 14. Bb1 O-O 15.
Nf3 Rad8 16. b4 Ncd7 17. Qb3 Qb8 18. Na4 Ba8 19. h3 Rfe8 20. b5 a5 21. Qe3 Nc5
22. Nxc5 dxc5 23. e5 Nh5 24. Rcd1 Qb7 25. Qc1 Qc7 26. Rd3 Rxd3 27. Bxd3 Bxf3
28. gxf3 Rd8 29. Be4 f6 30. Bc6 f5 31. Be3 Kf7 32. Rd1 Rxd1+ 33. Qxd1 Qd8 34.
Qc2 Bf8 35. Kf1 Bh6 36. Qc1 Qd3+ 37. Kf2 Bf8 38. Bb7 Be7 39. Qf1 0-1

[Event "OLNO 2122 SG Güstrow-Teterow - Greifsw"]
[Site "?"]
[Date "2021.11.21"]
[Round "2.5"]
[White "Stopsack, Malte"]
[Black "Waschk, Armin"]
[Result "1/2-1/2"]
[WhiteElo "2220"]
[BlackElo "2166"]
[PlyCount "112"]
[EventDate "2021.??.??"]

1. e4 c5 2. Nc3 a6 3. Nge2 b5 4. g3 Bb7 5. Bg2 e6 6. d4 cxd4 7. Nxd4 b4 8. Na4
Nf6 9. Qe2 Nc6 10. Nb3 d6 11. O-O Be7 12. Rd1 Nd7 13. c4 bxc3 14. Nxc3 O-O 15.
Be3 Rc8 16. Rac1 Nce5 17. Nd2 Nc5 18. Ndb1 Qa5 19. f4 Ned7 20. Nd2 Na4 21. Nb3
Nxc3 22. Rxc3 Qa4 23. Rcd3 Rc7 24. Qd2 Rfc8 25. Qa5 Qxa5 26. Nxa5 Ba8 27. Rb3
h6 28. Bf1 Bxe4 29. Bxa6 Ra8 30. Bb7 Rxa5 31. Bxe4 Rxa2 32. Rb1 d5 33. Bd3 Bf6
34. Rb5 g6 35. f5 gxf5 36. Bxh6 Bd4+ 37. Kf1 Nc5 38. Rb8+ Kh7 39. Bf4 Rca7 40.
Bc2 Rb7 41. Rxb7 Nxb7 42. g4 Rxb2 43. Rxb2 Bxb2 44. gxf5 Kg7 45. fxe6 fxe6 46.
h4 e5 47. Bd2 Nd6 48. Bb4 Nc4 49. Ke2 Kf6 50. Kf3 Ba3 51. Be1 Bc1 52. Ke2 Nd6
53. Bb3 Ke6 54. Kf3 Nf5 55. Kg4 Bb2 56. Bxd5+ Kxd5 1/2-1/2

[Event "OLNO 2122 SG Güstrow-Teterow - Greifsw"]
[Site "?"]
[Date "2021.11.21"]
[Round "2.6"]
[White "Dettmann, Gerd"]
[Black "Lange, Jannis"]
[Result "0-1"]
[WhiteElo "2119"]
[BlackElo "2099"]
[PlyCount "68"]
[EventDate "2021.??.??"]

1. e4 c5 2. Nf3 Nc6 3. Nc3 e5 4. Bc4 Be7 5. d3 d6 6. Be3 Nf6 7. h3 O-O 8. Qd2
Nd4 9. Nd5 Nxf3+ 10. gxf3 Nxd5 11. Bxd5 Be6 12. O-O-O Bxd5 13. exd5 f5 14. f4
Rc8 15. Rhg1 Bf6 16. c4 b5 17. fxe5 dxe5 18. Bg5 Rb8 19. Bxf6 Qxf6 20. Qg5 Rb6
21. Qxf6 Rfxf6 22. Rge1 bxc4 23. dxc4 e4 24. Re3 Kf7 25. Ra3 Ra6 26. d6 Rfxd6
27. Rxd6 Rxd6 28. Rxa7+ Kf6 29. Rc7 f4 30. Rc8 f3 31. a4 Kg5 32. Rxc5+ Kf4 33.
a5 e3 34. fxe3+ Ke4 0-1

[Event "OLNO 2122 SG Güstrow-Teterow - Greifsw"]
[Site "?"]
[Date "2021.11.21"]
[Round "2.7"]
[White "Kuersten, Ruediger"]
[Black "Dettmann, Holger"]
[Result "1/2-1/2"]
[WhiteElo "2203"]
[BlackElo "2019"]
[PlyCount "188"]
[EventDate "2021.??.??"]

1. d4 g6 2. e4 Bg7 3. Nc3 d6 4. Bc4 Nc6 5. Nf3 a6 6. a3 h6 7. h3 b5 8. Ba2 Bb7
9. O-O e5 10. dxe5 Nxe5 11. Be3 Nxf3+ 12. Qxf3 Nf6 13. Rad1 O-O 14. Bd4 Nh5 15.
Qg4 Qg5 16. Nd5 Bxd4 17. Rxd4 Qxg4 18. hxg4 Bxd5 19. Bxd5 Nf4 20. Re1 Rae8 21.
f3 Re5 22. g3 Nxd5 23. Rxd5 Rfe8 24. Red1 Kg7 25. Kf2 f5 26. Rxe5 Rxe5 27. exf5
gxf5 28. gxf5 Rxf5 29. f4 Rc5 30. c3 a5 31. Rd4 Rh5 32. Kg2 Kf7 33. Rd1 Rc5 34.
Rd4 Rh5 35. Rd1 Rc5 36. Rd2 b4 37. cxb4 axb4 38. axb4 Rc4 39. Kf3 Rxb4 40. Kg4
Kf6 41. Kh5 Rb3 42. Rg2 c5 43. Kxh6 c4 44. Kh5 d5 45. Kg4 d4 46. Rd2 d3 47. Kf3
Rb8 48. Ke4 Re8+ 49. Kd4 Re2 50. Kc3 Re4 51. b3 cxb3 52. Rxd3 Kf5 53. Rd5+ Ke6
54. Rd3 Kf5 55. Kxb3 Kg4 56. Kc3 Ra4 57. Kb2 Rc4 58. Ka3 Rc8 59. Kb4 Rc7 60.
Rc3 Rd7 61. Kc4 Rd8 62. Rb3 Rd7 63. Kc5 Rd8 64. Kc6 Rd2 65. Ra3 Rd1 66. Kc5 Rd8
67. Kc4 Rd7 68. Rd3 Rc7+ 69. Kd4 Rd7+ 70. Ke3 Re7+ 71. Kf2 Ra7 72. Rd8 Ra2+ 73.
Ke3 Kxg3 74. f5 Kg4 75. f6 Ra7 76. Ke4 Kg5 77. Rd6 Kg6 78. Ke5 Kf7 79. Rd5 Rb7
80. Kf5 Ra7 81. Rb5 Rc7 82. Ra5 Rb7 83. Kg5 Rc7 84. Re5 Rc6 85. Rb5 Rc7 86. Kf5
Ra7 87. Ke5 Rd7 88. Rb1 Ra7 89. Rb5 Rd7 90. Rb6 Ra7 91. Kd5 Ra5+ 92. Kd4 Rf5
93. Ke4 Rxf6 94. Rxf6+ Kxf6 1/2-1/2

[Event "OLNO 2122 SG Güstrow-Teterow - Greifsw"]
[Site "?"]
[Date "2021.11.21"]
[Round "2.8"]
[White "Scharf, Christian"]
[Black "Woll, Wilfried"]
[Result "1-0"]
[WhiteElo "1220"]
[BlackElo "2032"]
[PlyCount "119"]
[EventDate "2021.??.??"]

1. e4 e6 2. d4 d5 3. exd5 exd5 4. Bd3 Bd6 5. Nf3 Bg4 6. O-O Ne7 7. h3 Bh5 8.
Nbd2 Nbc6 9. c3 Qd7 10. Qa4 O-O 11. Re1 a6 12. Qc2 Bg6 13. Nf1 f6 14. Ne3 Rae8
15. Bxg6 hxg6 16. a4 Nd8 17. b3 c6 18. Ba3 Bxa3 19. Rxa3 Ne6 20. g3 Kf7 21. Kg2
Rh8 22. Rh1 Nc8 23. Ng4 Rh5 24. Raa1 Nd6 25. Rae1 Ne4 26. Ne3 g5 27. Nd2 g6 28.
Nxe4 dxe4 29. Ng4 Qd5 30. Ne3 Qd8 31. Ng4 f5 32. Ne5+ Kg7 33. f3 exf3+ 34. Nxf3
g4 35. hxg4 Rxh1 36. Rxh1 fxg4 37. Ne5 Qd5+ 38. Kg1 Nf8 39. Qh2 Rxe5 40. Qh8+
Kf7 41. Qxe5 Qxb3 42. Qf4+ Kg8 43. Rh2 Qxc3 44. Rf2 Qe1+ 45. Rf1 Qe7 46. Qxg4
Kg7 47. Qh4 g5 48. Qh5 Qe3+ 49. Kg2 Ng6 50. Qf3 Qxd4 51. Rf2 Ne7 52. Qf8+ Kg6
53. Qe8+ Kg7 54. Qb8 Qe4+ 55. Kh2 Qh7+ 56. Kg1 Qb1+ 57. Rf1 Qe4 58. Qf8+ Kg6
59. Qe8+ Kh6 60. Rf6+ 1-0

[Event "OLNO 2122 SC Empor Potsdam - SF Berlin "]
[Site "?"]
[Date "2021.11.21"]
[Round "2.1"]
[White "Hoffmann, Udo"]
[Black "Penzold, Andreas"]
[Result "0-1"]
[WhiteElo "2314"]
[BlackElo "2393"]
[PlyCount "89"]
[EventDate "2021.??.??"]

1. e4 c5 2. Nf3 e6 3. b3 Nc6 4. Bb5 Nge7 5. Bb2 a6 6. Bxc6 Nxc6 7. Nc3 Be7 8.
d4 cxd4 9. Nxd4 Bf6 10. Nde2 d5 11. exd5 exd5 12. Qd2 O-O 13. O-O-O Be6 14. Kb1
Rc8 15. Nf4 Bg5 16. h4 Bh6 17. g4 Bxg4 18. Rdg1 Ne5 19. Ncxd5 f6 20. Qb4 Rf7
21. Bxe5 fxe5 22. Rxg4 exf4 23. Rd1 Kh8 24. f3 Qd7 25. Rd3 Re8 26. Nf6 Qxd3 27.
cxd3 Rxf6 28. Qxb7 Rd6 29. Rg2 Rxd3 30. Rc2 a5 31. Rc8 Rdd8 32. Rxd8 Rxd8 33.
Qb6 Ra8 34. Qd4 Re8 35. a3 Kg8 36. Qd5+ Kf8 37. Qf5+ Kg8 38. Qd5+ Kf8 39. Qxa5
g6 40. Qc5+ Kg7 41. Qd4+ Kf8 42. b4 Bg7 43. b5 Re1+ 44. Kc2 Re2+ 45. Kd1 0-1

[Event "OLNO 2122 SC Empor Potsdam - SF Berlin "]
[Site "?"]
[Date "2021.11.21"]
[Round "2.2"]
[White "Tschernatsch, Johannes"]
[Black "Nogly, Christoph"]
[Result "1-0"]
[WhiteElo "2252"]
[BlackElo "2264"]
[PlyCount "111"]
[EventDate "2021.??.??"]

1. e4 e5 2. Nf3 Nc6 3. Bb5 Nf6 4. d3 Bc5 5. c3 O-O 6. O-O d6 7. Re1 Ne7 8. d4
Bb6 9. Bd3 Ng6 10. h3 c6 11. Be3 Re8 12. Nbd2 h6 13. Qc2 Nh5 14. Bf1 Qf6 15. g3
Qe7 16. Kh2 Bc7 17. dxe5 dxe5 18. b4 Nf6 19. Nb3 Nd7 20. a4 Ndf8 21. a5 Rd8 22.
Nc5 Ne6 23. Bg2 Nxc5 24. Bxc5 Bd6 25. Bxd6 Rxd6 26. Red1 Be6 27. Rxd6 Qxd6 28.
Rd1 Qc7 29. h4 Kf8 30. Qd3 Ke8 31. Qe3 f6 32. h5 Nf8 33. Nh4 b6 34. Ra1 Rc8 35.
axb6 axb6 36. Bh3 c5 37. Bxe6 Nxe6 38. Nf5 cxb4 39. cxb4 Rd8 40. Qb3 Qf7 41.
Qxe6+ Qxe6 42. Nxg7+ Ke7 43. Nxe6 Kxe6 44. Ra6 Rb8 45. g4 Kd6 46. Ra7 Rf8 47.
Kg3 Kc6 48. Rh7 Kb5 49. Rxh6 Kxb4 50. f4 exf4+ 51. Kxf4 b5 52. Rh7 Kc3 53. Rc7+
Kd4 54. Rb7 Kc4 55. Kf5 b4 56. h6 1-0

[Event "OLNO 2122 SC Empor Potsdam - SF Berlin "]
[Site "?"]
[Date "2021.11.21"]
[Round "2.3"]
[White "Noetzel, Felix"]
[Black "Tiarks, Jann-Christian"]
[Result "1/2-1/2"]
[WhiteElo "2235"]
[BlackElo "2142"]
[PlyCount "126"]
[EventDate "2021.??.??"]

1. c4 Nf6 2. Nc3 e6 3. e4 e5 4. g3 Bc5 5. Bg2 O-O 6. Nge2 Nc6 7. O-O a6 8. d3
d6 9. h3 Rb8 10. Kh2 b5 11. Nd5 Nxd5 12. cxd5 Nd4 13. Be3 Bd7 14. Rc1 Rc8 15.
Bxd4 exd4 16. Qd2 c6 17. b4 Ba7 18. dxc6 Bxc6 19. Rc2 Qb6 20. Rfc1 Bb7 21. Nf4
h6 22. h4 Rxc2 23. Rxc2 Rc8 24. Bh3 Rc3 25. Ne2 Rc6 26. Qc1 Qc7 27. Rxc6 Bxc6
28. Nf4 Bb6 29. h5 Bb7 30. Qxc7 Bxc7 31. a3 Kf8 32. Ne2 Bb6 33. f4 Ke7 34. Kg2
Kf6 35. Kf2 Ke7 36. Ng1 g6 37. hxg6 fxg6 38. Nf3 Kf7 39. Bd7 Ke7 40. Bg4 Kf7
41. Nd2 Bc7 42. Bd1 Bc8 43. Bb3+ Ke7 44. Bd5 Bb6 45. Nf3 Ba7 46. Nh4 Bb6 47. g4
Bd7 48. Kg3 a5 49. Nf3 axb4 50. axb4 Be8 51. g5 hxg5 52. Nxg5 Kf6 53. Be6 Ba7
54. Kg4 Bb6 55. f5 Bd8 56. Nh3 gxf5+ 57. exf5 Bc6 58. Kf4 Bc7 59. Kg4 d5 60.
Nf4 Ke5 61. Ng6+ Kf6 62. Nf4 Ke5 63. Ng6+ Kf6 1/2-1/2

[Event "OLNO 2122 SC Empor Potsdam - SF Berlin "]
[Site "?"]
[Date "2021.11.21"]
[Round "2.4"]
[White "Schoene, Ralf"]
[Black "Wintzer, Joachim"]
[Result "1/2-1/2"]
[WhiteElo "2259"]
[BlackElo "2274"]
[PlyCount "127"]
[EventDate "2021.??.??"]

1. d4 e6 2. c4 Nf6 3. Nc3 Bb4 4. e3 O-O 5. Nge2 c6 6. a3 Ba5 7. g3 d5 8. b4 Bc7
9. cxd5 cxd5 10. Bg2 Nc6 11. O-O Re8 12. Nf4 a6 13. Bb2 Ne7 14. Nd3 Nf5 15. Qe2
Re7 16. Ne5 Bd7 17. Rfd1 Nd6 18. f3 Be8 19. e4 Nb5 20. Nxb5 Bxb5 21. Qe3 Bb6
22. a4 Be8 23. h3 Rc8 24. a5 Ba7 25. Rac1 Rec7 26. Nd3 Rxc1 27. Rxc1 Rxc1+ 28.
Nxc1 b6 29. e5 Nd7 30. Bc3 Qb8 31. Kh2 bxa5 32. bxa5 Qb5 33. Ne2 Nb8 34. f4 Qb1
35. g4 Bb5 36. Ng3 Nc6 37. f5 h6 38. g5 Qd3 39. Qc1 h5 40. g6 h4 41. gxf7+ Kxf7
42. fxe6+ Kg6 43. Nf1 Bxd4 44. Bxd4 Qxd4 45. Ne3 Qxe5+ 46. Kh1 Ne7 47. Qc2+ Kg5
48. Qc5 Qxe6 49. Qd4 Qf6 50. Qc5 Qa1+ 51. Kh2 Qe5+ 52. Kh1 g6 53. Ng4 Qe1+ 54.
Kh2 Bc4 55. Qd4 Qg3+ 56. Kh1 Qd6 57. Qe3+ Kf5 58. Nh6+ Kf6 59. Qd4+ Ke6 60.
Qg4+ Kf6 61. Qd4+ Ke6 62. Qg4+ Kf6 63. Qd4+ Ke6 64. Qg4+ 1/2-1/2

[Event "OLNO 2122 SC Empor Potsdam - SF Berlin "]
[Site "?"]
[Date "2021.11.21"]
[Round "2.5"]
[White "Modler, Andreas"]
[Black "Trenner, Rolf"]
[Result "1/2-1/2"]
[WhiteElo "2216"]
[BlackElo "2191"]
[PlyCount "143"]
[EventDate "2021.??.??"]

1. c4 Nf6 2. Nc3 g6 3. e4 d6 4. d4 Bg7 5. Nf3 O-O 6. h3 e5 7. d5 Nbd7 8. Bg5 h6
9. Be3 Nc5 10. Nd2 a5 11. Be2 Bd7 12. g4 Nh7 13. Qc2 f5 14. gxf5 gxf5 15. O-O-O
f4 16. Bxc5 dxc5 17. Rdg1 Kh8 18. Bg4 Rg8 19. Qd1 Qe7 20. Bxd7 Qxd7 21. Qh5
Raf8 22. Nf3 Qe8 23. Qh4 Rf7 24. Rg6 Qe7 25. Qg4 Nf8 26. Nh4 Kh7 27. Nf5 Rxf5
28. exf5 Nxg6 29. Qxg6+ Kh8 30. Ne4 Qe8 31. Qe6 Qa4 32. f6 Qxc4+ 33. Nc3 Bf8
34. Qxe5 Qd4 35. Qxd4 cxd4 36. Ne4 b6 37. Kd2 Bd6 38. Kd3 Be5 39. Rc1 Rd8 40.
Rg1 Rxd5 41. Rg6 c6 42. Rxh6+ Kg8 43. Ng5 Bxf6 44. Rxf6 Rxg5 45. Rxc6 Rb5 46.
Rc2 Rh5 47. Kxd4 Rxh3 48. Ke4 Rh4 49. Rc6 b5 50. Rc5 f3+ 51. Kxf3 Rb4 52. Rc2
Kf7 53. a3 Rb3+ 54. Ke4 a4 55. f4 b4 56. axb4 Rxb4+ 57. Kf5 Rb5+ 58. Kg4 Kf6
59. Rc6+ Kf7 60. Ra6 Rxb2 61. Rxa4 Rb6 62. Ra5 Kg6 63. Rg5+ Kh6 64. Kf3 Rb3+
65. Ke4 Rb4+ 66. Kf5 Rb5+ 67. Kf6 Rb6+ 68. Kf7 Rb7+ 69. Ke6 Rb6+ 70. Kf5 Rb5+
71. Kf6 Rb6+ 72. Kf5 1/2-1/2

[Event "OLNO 2122 SC Empor Potsdam - SF Berlin "]
[Site "?"]
[Date "2021.11.21"]
[Round "2.6"]
[White "Jaeger, Uwe"]
[Black "Gaerths, Ronny"]
[Result "1/2-1/2"]
[WhiteElo "2224"]
[BlackElo "2177"]
[PlyCount "20"]
[EventDate "2021.??.??"]

1. e4 e6 2. d4 d5 3. exd5 exd5 4. Bd3 Nc6 5. c3 Bd6 6. Qf3 Be6 7. Ne2 Qd7 8.
Bf4 Nf6 9. Bxd6 Qxd6 10. Qg3 Qxg3 1/2-1/2

[Event "OLNO 2122 SC Empor Potsdam - SF Berlin "]
[Site "?"]
[Date "2021.11.21"]
[Round "2.7"]
[White "Weber, Daniel"]
[Black "Bachmann, Volker"]
[Result "1/2-1/2"]
[WhiteElo "2120"]
[BlackElo "2121"]
[PlyCount "92"]
[EventDate "2021.??.??"]

1. d4 Nf6 2. c4 g6 3. Nc3 d5 4. Bf4 Bg7 5. e3 O-O 6. Rc1 c5 7. dxc5 Qa5 8. cxd5
Ne4 9. Qb3 Qxc5 10. Qc4 Qxc4 11. Bxc4 Nxc3 12. bxc3 Bf5 13. Bb3 Nd7 14. Ne2
Rfc8 15. Nd4 Nc5 16. Nxf5 gxf5 17. Bc2 Bxc3+ 18. Ke2 Ne4 19. f3 Nd6 20. Bxd6
exd6 21. Bxf5 Rc5 22. Rhd1 b5 23. Rd3 b4 24. f4 Ra5 25. Rc2 Kg7 26. e4 h6 27.
g4 Rb8 28. Rg3 Rb6 29. Rg2 Rba6 30. Kd1 Rb6 31. h4 Rc5 32. g5 a5 33. Bd7 Rc4
34. Rge2 Rc5 35. Ba4 Rb8 36. Re3 hxg5 37. fxg5 Rh8 38. Rh3 Rc4 39. Re2 Kg6 40.
Bc2 Be5 41. Rf2 Rc3 42. h5+ Rxh5 43. Rxh5 Kxh5 44. Rxf7 Kxg5 45. Bb3 Re3 46.
Ra7 Rxe4 1/2-1/2

[Event "OLNO 2122 SC Empor Potsdam - SF Berlin "]
[Site "?"]
[Date "2021.11.21"]
[Round "2.8"]
[White "Piersig, Hans-Juergen"]
[Black "Offermann, Fernando"]
[Result "1/2-1/2"]
[WhiteElo "2105"]
[BlackElo "2178"]
[PlyCount "76"]
[EventDate "2021.??.??"]

1. e4 c5 2. Nf3 d6 3. d4 cxd4 4. Nxd4 Nf6 5. Nc3 a6 6. Bg5 e6 7. f4 Be7 8. Qf3
Qc7 9. O-O-O Nbd7 10. g4 b5 11. Bxf6 Nxf6 12. g5 Nd7 13. f5 Nc5 14. h4 b4 15.
Nb1 e5 16. Nb3 Bb7 17. Nxc5 Qxc5 18. Nd2 O-O-O 19. Bc4 f6 20. Be6+ Kb8 21. gxf6
Bxf6 22. Nb3 Qb6 23. Qd3 Rhe8 24. Bd5 Bc8 25. Qc4 Bd7 26. Qd3 Re7 27. Nd2 Bc8
28. Nc4 Qc5 29. Qb3 Ka7 30. Rd3 Bd7 31. Rdd1 Bb5 32. Qe3 Bxc4 33. Qxc5+ dxc5
34. Bxc4 Rxd1+ 35. Kxd1 Rd7+ 36. Ke2 Kb6 37. h5 h6 38. Rd1 Rxd1 1/2-1/2

[Event "OLNO 2122 TSG Oberschöneweide - SC Emp"]
[Site "?"]
[Date "2021.12.12"]
[Round "3.1"]
[White "Penzold, Andreas"]
[Black "Rosenthal, Dirk"]
[Result "1/2-1/2"]
[WhiteElo "2391"]
[BlackElo "2398"]
[PlyCount "98"]
[EventDate "2021.??.??"]

1. c4 Nf6 2. Nc3 e5 3. g3 d5 4. cxd5 Nxd5 5. Bg2 Nb6 6. Nf3 Nc6 7. O-O Be7 8.
Rb1 Be6 9. b4 a6 10. a4 f6 11. b5 axb5 12. axb5 Nd4 13. e3 Nxf3+ 14. Bxf3 Ra7
15. d3 O-O 16. Qc2 Qd7 17. d4 exd4 18. Rd1 Rd8 19. Rxd4 Qc8 20. Rxd8+ Qxd8 21.
Bb2 Qe8 22. Ra1 Rxa1+ 23. Bxa1 c6 24. bxc6 bxc6 25. Na4 Nc4 26. Bd4 Qd7 27. Be2
Qd5 28. Nc3 Qd7 29. Qa4 Nb2 30. Qc2 Nc4 31. Na4 Na3 32. Qc1 Nb5 33. Bc5 Bd8 34.
Bb6 Bxb6 35. Nxb6 Qd6 36. Na4 Nc7 37. Nc5 Bd5 38. e4 Bf7 39. Nb7 Qe6 40. Qf4
Qe7 41. Qe3 Ne6 42. Qb6 Qc7 43. Qxc7 Nxc7 44. f4 g5 45. Kf2 Kf8 46. Ke3 Ke7 47.
Na5 Kd6 48. Nb7+ Ke7 49. Na5 Kd6 1/2-1/2

[Event "OLNO 2122 TSG Oberschöneweide - SC Emp"]
[Site "?"]
[Date "2021.12.12"]
[Round "3.2"]
[White "Meyer-Dunker, Paul"]
[Black "Tschernatsch, Johannes"]
[Result "0-1"]
[WhiteElo "2095"]
[BlackElo "2322"]
[PlyCount "114"]
[EventDate "2021.??.??"]

1. e4 c5 2. Nf3 Nc6 3. d4 cxd4 4. Nxd4 Nf6 5. Nc3 e5 6. Ndb5 d6 7. Bg5 a6 8.
Na3 b5 9. Nd5 Be7 10. Bxf6 Bxf6 11. c3 O-O 12. Nc2 Rb8 13. a4 bxa4 14. Ncb4
Nxb4 15. cxb4 Bb7 16. Rxa4 Bxd5 17. Qxd5 Qd7 18. Rxa6 Rxb4 19. Bc4 Rxb2 20. O-O
Be7 21. f4 Qg4 22. Rf2 Rxf2 23. Kxf2 Qxf4+ 24. Kg1 h5 25. Ra1 Qe3+ 26. Kh1 Qd4
27. Qxd4 exd4 28. Kg1 Rc8 29. Bd3 Rc3 30. Rd1 Bf6 31. Kf2 Be5 32. g3 g6 33. Be2
Rc2 34. Rd3 Kg7 35. h3 Kf6 36. g4 h4 37. Kf3 Ke6 38. Rd1 d5 39. exd5+ Kxd5 40.
Rd3 Bd6 41. Rd1 Bg3 42. Rd3 Rc6 43. Kg2 Re6 44. Kf1 Ke5 45. Rf3 Bf4 46. Rb3 Be3
47. Kg2 Rc6 48. Rb5+ Kf4 49. Rb7 f5 50. gxf5 gxf5 51. Bd3 Rg6+ 52. Kh2 Rg3 53.
Bf1 Rg1 54. Rb1 Kf3 55. Re1 d3 56. Be2+ dxe2 57. Rf1+ exf1=N# 0-1

[Event "OLNO 2122 TSG Oberschöneweide - SC Emp"]
[Site "?"]
[Date "2021.12.12"]
[Round "3.3"]
[White "Tiarks, Jann-Christian"]
[Black "Horn, Sven"]
[Result "1-0"]
[WhiteElo "2172"]
[BlackElo "2083"]
[PlyCount "95"]
[EventDate "2021.??.??"]

1. e4 e5 2. Nf3 Nc6 3. Bb5 a6 4. Ba4 Nf6 5. O-O b5 6. Bb3 Be7 7. Re1 O-O 8. d3
d6 9. c3 Na5 10. Bc2 c5 11. Nbd2 Qb6 12. Nf1 Re8 13. h3 Nc6 14. Ng3 g6 15. Bg5
Nd7 16. Qd2 Nf8 17. Bxe7 Rxe7 18. Rad1 Ne6 19. Qh6 f6 20. Bb3 Ncd8 21. Nf5 gxf5
22. exf5 c4 23. dxc4 Nc5 24. Qxf6 Rf7 25. Qxd6 Qxd6 26. Rxd6 Ndb7 27. Rd5 Nxb3
28. axb3 bxc4 29. bxc4 Bxf5 30. Rexe5 Bg6 31. Rg5 Rf6 32. c5 Nd8 33. Rge5 Nc6
34. Re2 a5 35. Nd4 a4 36. Nb5 Raf8 37. Nd6 Rb8 38. h4 h5 39. Rg5 Kf8 40. Rd2
Rd8 41. f3 Ne7 42. Rd4 Ra8 43. Rb4 Nc6 44. Rb6 Nd8 45. Nc4 Ke7 46. Rb4 Ra7 47.
Nb6 Be8 48. Nc8+ 1-0